|
|
|
|
| LEADER |
00000nam0a2200000 4500 |
| 001 |
76922 |
| 005 |
20231031091952.0 |
| 035 |
|
|
|a (RuTPU)RU\TPU\book\82486
|
| 090 |
|
|
|a 76922
|
| 100 |
|
|
|a 20050506d1964 k y0rusy50 ca
|
| 101 |
0 |
|
|a rus
|
| 102 |
|
|
|a RU
|
| 105 |
|
|
|a a z 001zy
|
| 200 |
1 |
|
|a Методы изучения и использования водных ресурсов
|e сборник статей
|f Академия Наук СССР. Совет по проблемам водного хозяйства; отв. ред. В. Т. Турчинович
|
| 210 |
|
|
|a Москва
|c Наука
|d 1964
|
| 215 |
|
|
|a 163 с.
|c ил.
|
| 320 |
|
|
|a Библиогр. в конце ст.
|
| 610 |
1 |
|
|a водные ресурсы
|
| 610 |
1 |
|
|a исследование
|
| 610 |
1 |
|
|a водохозяйственный баланс
|
| 610 |
1 |
|
|a подземные воды
|
| 610 |
1 |
|
|a селевые потоки
|
| 610 |
1 |
|
|a методы борьбы
|
| 610 |
1 |
|
|a внутрипочвенное орошение
|
| 610 |
1 |
|
|a водохранилища
|
| 610 |
1 |
|
|a перемещение водных масс
|
| 610 |
1 |
|
|a реки
|
| 610 |
1 |
|
|a вода
|
| 675 |
|
|
|a 551.48
|v 3
|
| 702 |
|
1 |
|a Турчинович
|b В. Т.
|4 340
|
| 712 |
0 |
2 |
|a Академия Наук СССР
|b Совет по проблемам водного хозяйства
|2 stltpush
|3 (RuTPU)RU\TPU\col\722
|
| 801 |
|
1 |
|a RU
|b 63413507
|c 20050506
|g PSBO
|
| 801 |
|
2 |
|a RU
|b 63413507
|c 20150330
|g PSBO
|
| 942 |
|
|
|c BK
|